[Event "Championnat de France - Open A"]
[Site "Belfort"]
[Date "2010.08.10"]
[Round "1.1"]
[White "Achereiner, Guillaume"]
[Black "Defrance, Laurent"]
[Result "1/2-1/2"]
[WhiteElo "2028"]
[BlackElo "2190"]
[PlyCount "40"]
[EventDate "2010.??.??"]

1. d4 d5 2. c4 dxc4 3. e4 e5 4. Nf3 Bb4+ 5. Bd2 Bxd2+ 6. Nbxd2 exd4 7. Bxc4 Nc6
8. Qb3 Qf6 9. O-O Nge7 10. Rfe1 O-O 11. e5 Qg6 12. Bd3 Qh5 13. Rac1 Rb8 14. Re4
Bf5 15. Rh4 Qg6 16. Ne4 Qe6 17. Bc4 Qg6 18. Bd3 Qe6 19. Bc4 Qg6 20. Bd3 Qe6
1/2-1/2

[Event "Championnat de France - Open A"]
[Site "Belfort"]
[Date "2010.08.10"]
[Round "1.2"]
[White "Aurel, Luc"]
[Black "Marcel, Valentin"]
[Result "0-1"]
[WhiteElo "2185"]
[BlackElo "2023"]
[Annotator "Rivier,Sylvain"]
[PlyCount "118"]
[EventDate "2010.??.??"]

1. e4 c5 2. Nf3 Nc6 3. Nc3 e5 4. Bc4 Be7 5. d3 Nf6 6. Nd2 d6 7. h3 O-O 8. a4
Ne8 9. Nd5 Be6 10. Nf1 Bg5 11. Nfe3 Kh8 12. h4 Bxe3 13. Bxe3 Ne7 14. f4 Bxd5
15. exd5 exf4 16. Bxf4 Nf6 17. Bg5 Qa5+ 18. c3 Nfxd5 19. Qf3 f6 20. Bd2 Nc7 21.
O-O d5 22. Bb3 c4 23. Bc2 Nc6 24. d4 Nxd4 25. cxd4 Qxd2 26. Rf2 Qxd4 27. Qh5 f5
28. Rd1 Qb6 29. Kf1 Rae8 30. Qf3 Re3 31. Qh5 Qg6 32. Qxg6 hxg6 33. h5 gxh5 34.
Bxf5 Re5 35. Bg6 Rxf2+ 36. Kxf2 Rg5 37. Bc2 Kg8 38. b3 cxb3 39. Bxb3 Kf8 40.
Rc1 Na6 41. Rc8+ Ke7 42. Ra8 Nc5 43. Rxa7 Kd6 44. Bd1 Rf5+ 45. Ke3 h4 46. Ra8
d4+ 47. Ke2 d3+ 48. Ke3 Re5+ 49. Kd4 Re4+ 50. Kc3 Ke5 51. a5 Re3 52. Kc4 Ne4
53. Re8+ Kf4 54. Kd4 Re1 55. Bf3 d2 56. Rf8+ Nf6 57. Rh8 d1=Q+ 58. Bxd1 Rxd1+
59. Kc5 Kg3 0-1

[Event "Championnat de France - Open A"]
[Site "Belfort"]
[Date "2010.08.10"]
[Round "1.3"]
[White "Petitjean, Pierre"]
[Black "Milesi, Laurent"]
[Result "1/2-1/2"]
[WhiteElo "2023"]
[BlackElo "2148"]
[PlyCount "48"]
[EventDate "2010.??.??"]

1. d4 b6 2. e4 Bb7 3. Nc3 e6 4. Be3 Bb4 5. f3 f5 6. Bd3 fxe4 7. fxe4 Nf6 8. Bg5
O-O 9. Nf3 Qe8 10. Qe2 c5 11. dxc5 bxc5 12. Bd2 Bxc3 13. Bxc3 c4 14. Bxc4 Nxe4
15. Bd4 Qh5 16. O-O-O d5 17. Bd3 Nd7 18. Bxe4 dxe4 19. Ng1 Qe8 20. Nh3 Nf6 21.
Rhf1 e5 22. Bc5 Qa4 23. Bxf8 Rxf8 24. Kb1 Ba6 1/2-1/2

[Event "Championnat de France - Open A"]
[Site "Belfort"]
[Date "2010.08.10"]
[Round "1.4"]
[White "Redon, Bruno"]
[Black "Lesbros, Bernard"]
[Result "1-0"]
[WhiteElo "2137"]
[BlackElo "2022"]
[PlyCount "109"]
[EventDate "2010.??.??"]

1. Nf3 c5 2. d4 cxd4 3. Nxd4 Nf6 4. c4 g6 5. g3 Nc6 6. Bg2 Qa5+ 7. Nc3 Qc5 8.
Ndb5 Qb6 9. Bf4 d6 10. c5 Qd8 11. cxd6 exd6 12. O-O Be7 13. Nxd6+ Kf8 14. Ndb5
Kg7 15. Nc7 Rb8 16. Qxd8 Rxd8 17. Bxc6 bxc6 18. Ne8+ Rxe8 19. Bxb8 Bh3 20. Bxa7
Bxf1 21. Kxf1 c5 22. Rd1 Ra8 23. Nb5 Kf8 24. f3 Ne8 25. Rd7 Nf6 26. Rb7 Nd5 27.
b3 Nb4 28. Rxe7 Kxe7 29. Bxc5+ Kd7 30. Bxb4 Rxa2 31. Nd4 Ra1+ 32. Kf2 Rd1 33.
Bc5 Kc7 34. b4 Kb7 35. h4 h5 36. Ke3 Kc7 37. Kf4 Kd7 38. e4 Rc1 39. e5 Re1 40.
Bf8 Ke8 41. Bd6 Kd7 42. b5 Rd1 43. Ke4 f6 44. b6 Rb1 45. Bc7 fxe5 46. Kxe5 Rd1
47. Kd5 Rb1 48. Ne2 Rb5+ 49. Ke4 Ke7 50. Nf4 Kf7 51. Kd4 Kf6 52. Kc4 Rb1 53.
Kc5 Rb3 54. Kc6 Rc3+ 55. Kd7 1-0

[Event "Championnat de France - Open A"]
[Site "Belfort"]
[Date "2010.08.10"]
[Round "1.5"]
[White "Baeumlin, Francois"]
[Black "Ralle, Pierre"]
[Result "1/2-1/2"]
[WhiteElo "2017"]
[BlackElo "2135"]
[PlyCount "169"]
[EventDate "2010.??.??"]

1. e4 c5 2. Nf3 d6 3. Bb5+ Nd7 4. c3 a6 5. Ba4 e6 6. O-O b5 7. Bc2 Bb7 8. d4
Be7 9. Nbd2 cxd4 10. cxd4 Rc8 11. Re1 Qc7 12. Bd3 Ngf6 13. Qe2 Nb6 14. b3 Qb8
15. a4 bxa4 16. bxa4 Qa8 17. a5 Nbd7 18. Ba3 e5 19. Nc4 Nxe4 20. dxe5 Nc3 21.
Qd2 d5 22. Nd6+ Bxd6 23. exd6+ Ne4 24. Qf4 O-O 25. Qf5 Rc3 26. Bxe4 dxe4 27.
Ng5 Nf6 28. Bb2 Bc8 29. Qf4 Rc5 30. Bxf6 gxf6 31. Nxe4 Rf5 32. Qd2 Bb7 33. f3
Rd8 34. Rad1 Qa7+ 35. Kh1 Kg7 36. Qc3 Bxe4 37. fxe4 Re5 38. Qf3 Qd7 39. Rf1 Qe6
40. Qg3+ Rg5 41. Qd3 Rxa5 42. Rf5 Qxd6 43. Rd5 Rxd5 44. exd5 a5 45. Qb5 Qb4 46.
Qd3 a4 47. h3 Qb3 48. Qd4 a3 49. d6 Qb2 50. Qg4+ Kh8 51. Qd4 Qxd4 52. Rxd4 a2
53. Ra4 Rxd6 54. Rxa2 Kg7 55. Kh2 Rd3 56. Ra4 h5 57. Rf4 Kg6 58. Rf2 Ra3 59.
Rf4 Ra2 60. Rf3 f5 61. Rf1 Kg5 62. Rf3 Rb2 63. Rf1 h4 64. Rf3 Ra2 65. Rf1 f4
66. Kg1 Kf5 67. Rf3 Ke4 68. Rb3 Kf5 69. Rf3 Re2 70. Rb3 Rd2 71. Ra3 Ke4 72. Rb3
Rd3 73. Rb7 f6 74. Re7+ Kf5 75. Kf2 Rg3 76. Rh7 f3 77. gxf3 Rxh3 78. Kg2 Rg3+
79. Kf2 Kg5 80. Rh8 f5 81. Rg8+ Kf4 82. Rxg3 hxg3+ 83. Kg2 Kg5 84. Kxg3 f4+ 85.
Kf2 1/2-1/2

[Event "Championnat de France - Open A"]
[Site "Belfort"]
[Date "2010.08.10"]
[Round "1.6"]
[White "Boutteville, Cesar"]
[Black "Lefevre, Margaux"]
[Result "1-0"]
[WhiteElo "2131"]
[BlackElo "2017"]
[PlyCount "61"]
[EventDate "2010.??.??"]

1. d4 Nf6 2. c4 c5 3. d5 b5 4. cxb5 a6 5. b6 Qxb6 6. Nc3 g6 7. e4 d6 8. Nf3 Bg7
9. Be2 Nbd7 10. O-O O-O 11. Nd2 Qb8 12. Nc4 a5 13. Bf4 Ne8 14. Qd2 Nb6 15. Na3
Bd7 16. Nab5 a4 17. Bg5 Nc8 18. Bh6 Nc7 19. Bxg7 Kxg7 20. Nxc7 Qxc7 21. f4 e6
22. dxe6 fxe6 23. f5 exf5 24. exf5 Bxf5 25. g4 Be6 26. Rxf8 Kxf8 27. Rf1+ Kg8
28. Nd5 Qg7 29. Nf6+ Kh8 30. Qe3 Bf7 31. Ne8 1-0

[Event "Championnat de France - Open A"]
[Site "Belfort"]
[Date "2010.08.10"]
[Round "1.7"]
[White "Louis, Thibault"]
[Black "Gertosio, Franck"]
[Result "0-1"]
[WhiteElo "2017"]
[BlackElo "2130"]
[PlyCount "60"]
[EventDate "2010.??.??"]

1. e4 c5 2. d4 cxd4 3. c3 dxc3 4. Nxc3 d6 5. Bc4 Nc6 6. Nf3 Nf6 7. e5 dxe5 8.
Qxd8+ Nxd8 9. Nb5 Rb8 10. Nxe5 e6 11. Nc7+ Ke7 12. b3 Nd7 13. Nxd7 Kxd7 14. Bf4
Bb4+ 15. Ke2 Nc6 16. Rhd1+ Ke7 17. Rac1 Bd7 18. Nb5 e5 19. Bg5+ f6 20. Be3 b6
21. a3 Bc5 22. Nc7 Nd4+ 23. Kf1 b5 24. b4 bxc4 25. bxc5 Ba4 26. Re1 Nc2 27. Re2
Nxe3+ 28. Rxe3 Rhc8 29. Rxc4 Bc6 30. Na6 Bb5 0-1

[Event "Championnat de France - Open A"]
[Site "Belfort"]
[Date "2010.08.10"]
[Round "1.8"]
[White "Lebret, Jean-Michel"]
[Black "Brolly, Pierre-Louis"]
[Result "1-0"]
[WhiteElo "2128"]
[BlackElo "2016"]
[PlyCount "63"]
[EventDate "2010.??.??"]

1. e4 c5 2. Nc3 Nc6 3. g3 g6 4. Bg2 Bg7 5. d3 d6 6. f4 Rb8 7. Nge2 Bd7 8. O-O
b5 9. Nd5 Nf6 10. Ne3 O-O 11. f5 Ne5 12. h3 Bc6 13. Nf4 a5 14. b3 a4 15. Bb2
Qa5 16. g4 g5 17. Bxe5 dxe5 18. Nh5 Rfd8 19. h4 Nxh5 20. gxh5 gxh4 21. f6 Bxf6
22. Ng4 Bg5 23. Nxe5 Be8 24. Qg4 h6 25. Qf5 Bf6 26. Nxf7 Bxf7 27. e5 Qc3 28.
exf6 Qd4+ 29. Kh1 h3 30. Be4 e6 31. Qh7+ Kf8 32. Rg1 1-0

[Event "Championnat de France - Open A"]
[Site "Belfort"]
[Date "2010.08.10"]
[Round "1.9"]
[White "Aubry, Yannis"]
[Black "Cristofari, Antoine"]
[Result "0-1"]
[WhiteElo "2011"]
[BlackElo "2123"]
[PlyCount "58"]
[EventDate "2010.??.??"]

1. d4 Nf6 2. Nf3 g6 3. b4 Bg7 4. Bb2 O-O 5. e3 d6 6. c4 b6 7. Be2 c5 8. dxc5
dxc5 9. Qxd8 Rxd8 10. b5 a6 11. Nbd2 Ne8 12. Bxg7 Kxg7 13. O-O f6 14. Rfd1 Bb7
15. Ne1 Nd6 16. Nb1 Nd7 17. Nc3 Ne5 18. bxa6 Bxa6 19. Nb5 Bxb5 20. cxb5 Ra5 21.
f4 Nef7 22. Bd3 Rda8 23. e4 c4 24. Bf1 Rxb5 25. Nc2 Rb2 26. Nd4 b5 27. Rdb1 c3
28. Nxb5 Nxb5 29. Bxb5 Raxa2 0-1

[Event "Championnat de France - Open A"]
[Site "Belfort"]
[Date "2010.08.10"]
[Round "1.10"]
[White "Prost, Frederic"]
[Black "Koch, Alain"]
[Result "1/2-1/2"]
[WhiteElo "2122"]
[BlackElo "2011"]
[PlyCount "235"]
[EventDate "2010.??.??"]

1. d4 d5 2. c4 e6 3. Nc3 Nf6 4. cxd5 exd5 5. Bg5 Be7 6. e3 h6 7. Bf4 c6 8. Bd3
Bd6 9. Bxd6 Qxd6 10. Nge2 O-O 11. Qc2 Re8 12. h3 b6 13. O-O Na6 14. a3 Nc7 15.
Rac1 Bd7 16. Ng3 Rac8 17. Nce2 Qf8 18. b4 Ne6 19. Qb2 Ng5 20. Nf4 Nge4 21. Nxe4
Nxe4 22. Ba6 Rb8 23. Be2 b5 24. Nd3 Qd6 25. Bf3 Ng5 26. Qe2 Nxf3+ 27. Qxf3 Re6
28. Qf4 Be8 29. Qxd6 Rxd6 30. Nc5 Ra8 31. Rc3 Rg6 32. Nb3 Kf8 33. Rfc1 Ke7 34.
Na5 Rc8 35. Nb3 Bd7 36. Kf1 Kd6 37. Nc5 Ra8 38. f3 a5 39. Nb7+ Kc7 40. Nxa5 Kb6
41. Ra1 f5 42. Nb3 Kc7 43. Nc5 Be8 44. Kf2 Rf6 45. f4 g5 46. Nd3 Ra4 47. g3 Rd6
48. Nc5 Ra7 49. Rg1 Rg6 50. g4 Rf6 51. gxf5 Rxf5 52. Ke1 gxf4 53. Ne6+ Kb6 54.
Nxf4 Rg5 55. Rxg5 hxg5 56. Ne6 g4 57. hxg4 Bd7 58. Nf4 Bxg4 59. Nd3 Bd7 60. Kf2
Be8 61. Kg3 Kc7 62. Kf4 Kd6 63. Ne5 Rh7 64. Rc1 Rh4+ 65. Kg5 Rh3 66. Rc3 Rh1
67. Nd3 Bd7 68. Nc5 Bc8 69. Kf4 Rf1+ 70. Kg3 Re1 71. Kf2 Rh1 72. Rb3 Bf5 73.
Nb7+ Kc7 74. Na5 Rc1 75. Kg3 Rf1 76. Rc3 Bd7 77. Nb3 Rf6 78. Nc5 Be8 79. a4
bxa4 80. Ra3 Bh5 81. Rxa4 Rf3+ 82. Kh4 Be8 83. Ra7+ Kd8 84. Ra8+ Ke7 85. Ra3
Rf8 86. Ra7+ Kf6 87. Kg4 Rh8 88. Nd3 Bh5+ 89. Kf4 Be2 90. Ne5 Rc8 91. Rh7 Bb5
92. Rh6+ Kg7 93. Kg5 Rc7 94. Rd6 Kf8 95. Kf6 Ke8 96. Re6+ Kd8 97. Nf7+ Kc8 98.
Re7 Rxe7 99. Kxe7 Kc7 100. Ne5 Ba4 101. Nd7 Bb5 102. Nc5 Kb6 103. Kd6 Bc4 104.
Nd7+ Kb5 105. Ne5 Kxb4 106. Nxc6+ Kc3 107. Ne7 Kd3 108. Nxd5 Ke4 109. Nb6 Kxe3
110. Ke5 Ba2 111. Nd5+ Kd2 112. Kd6 Bb3 113. Kc5 Kd3 114. Nb6 Bf7 115. Nd7 Ba2
116. Ne5+ Ke4 117. Nc4 Kd3 118. Ne3 1/2-1/2

[Event "Championnat de France - Open A"]
[Site "Belfort - SNPHHUATVS"]
[Date "2010.08.11"]
[Round "2.1"]
[White "Ferry, Roger"]
[Black "Redon, Bruno"]
[Result "1-0"]
[WhiteElo "2063"]
[BlackElo "2137"]
[Annotator "Rivier,Sylvain"]
[PlyCount "64"]
[EventDate "2010.??.??"]

1. d4 c5 2. dxc5 e6 3. b3 Na6 4. Bb2 Nf6 5. Nd2 Nxc5 6. Ngf3 b6 7. g3 Bb7 8.
Bg2 Be7 9. O-O O-O 10. Nc4 d6 11. a4 Rc8 12. a5 b5 13. Ncd2 Qd7 14. a6 Bxa6 15.
Bd4 Qb7 16. b4 Na4 17. Nb3 Qc7 18. Na5 e5 19. Be3 d5 20. Bd2 Rcd8 21. Nb3 Bc8
22. Ne1 d4 23. Nd3 Nc3 24. Bxc3 dxc3 25. Qe1 Be6 26. Nbc5 Nd5 27. Ra6 Bc8 28.
Ra5 Nxb4 29. Rxb5 Nxd3 30. Nxd3 Bg5 31. Rc5 Qb6 32. Qxc3 Rfe8 {suite illisible}
1-0

[Event "Championnat de France - Open A"]
[Site "Belfort - SNPHHUATVS"]
[Date "2010.08.11"]
[Round "2.2"]
[White "Ferre, Cyril"]
[Black "Boutteville, Cesar"]
[Result "0-1"]
[WhiteElo "2046"]
[BlackElo "2131"]
[PlyCount "104"]
[EventDate "2010.??.??"]

1. e4 e5 2. Bc4 Nf6 3. Nc3 Be7 4. d3 d6 5. Nge2 O-O 6. O-O c6 7. a4 d5 8. exd5
cxd5 9. Bb3 Nc6 10. d4 e4 11. Bg5 Be6 12. h3 Na5 13. Ba2 Rc8 14. Nf4 Nc4 15.
Nxe6 fxe6 16. Bxc4 Rxc4 17. Ne2 Ne8 18. Bxe7 Qxe7 19. c3 Nd6 20. Ng3 Rc7 21.
Qe2 Qg5 22. Qe3 Qh4 23. Kh2 Rcf7 24. b3 Nf5 25. Nxf5 exf5 26. f3 f4 27. Qe1 Qe7
28. fxe4 dxe4 29. Qe2 f3 30. gxf3 Qc7+ 31. f4 Rxf4 32. Rxf4 Qxf4+ 33. Kh1 e3
34. Rg1 Qh6 35. Qg4 e2 36. Qxe2 Qxh3+ 37. Qh2 Qxc3 38. Rxg7+ Kxg7 39. Qe5+ Rf6
40. Qe7+ Kg6 41. Qe4+ Kg5 42. Qe5+ Rf5 43. Qe7+ Kg4 44. Qe4+ Kg5 45. Qe7+ Rf6
46. Qe5+ Rf5 47. Qe7+ Kg4 48. Qe4+ Rf4 49. Qe6+ Kg3 50. Qg8+ Rg4 51. Qb8+ Kf3
52. Qxb7+ Re4 0-1

[Event "Championnat de France - Open A"]
[Site "Belfort - SNPHHUATVS"]
[Date "2010.08.11"]
[Round "2.3"]
[White "Gertosio, Franck"]
[Black "Feryn, Benjamin"]
[Result "1/2-1/2"]
[WhiteElo "2130"]
[BlackElo "2034"]
[PlyCount "66"]
[EventDate "2010.??.??"]

1. e4 e5 2. Nf3 Nc6 3. d4 exd4 4. Nxd4 Bc5 5. Nxc6 Qf6 6. Qf3 Qxf3 7. gxf3 bxc6
8. Bc4 Ne7 9. Nc3 Rb8 10. Rg1 O-O 11. Bg5 Ng6 12. Bb3 Kh8 13. Be3 Bxe3 14. fxe3
f5 15. O-O-O Nh4 16. exf5 Nxf5 17. e4 Nh4 18. Rg3 d6 19. Rdg1 g6 20. Rf1 Ba6
21. Rf2 Rf4 22. Kd2 Rbf8 23. Ke3 g5 24. Be6 R4f6 25. Bd7 d5 26. e5 Nf5+ 27. Kd2
Nxg3 28. hxg3 Rxf3 29. Rxf3 Rxf3 30. e6 Rf2+ 31. Ke3 Rf1 32. Kd2 Rf2+ 33. Ke3
Rf1 1/2-1/2

[Event "Championnat de France - Open A"]
[Site "Belfort - SNPHHUATVS"]
[Date "2010.08.11"]
[Round "2.4"]
[White "Schweitzer, Olaf"]
[Black "Lebret, Jean-Michel"]
[Result "1/2-1/2"]
[WhiteElo "2035"]
[BlackElo "2128"]
[PlyCount "76"]
[EventDate "2010.??.??"]

1. e4 c5 2. Nf3 d6 3. Bb5+ Bd7 4. Qe2 Bxb5 5. Qxb5+ Qd7 6. a4 Nc6 7. O-O Nf6 8.
Qe2 e6 9. c3 Be7 10. Rd1 O-O 11. d4 cxd4 12. cxd4 Rfe8 13. Nc3 Rad8 14. Bg5 h6
15. Bh4 g5 16. Bg3 Nh5 17. d5 Nxg3 18. hxg3 Ne5 19. Nd4 Ng6 20. Qg4 Bf6 21.
Rac1 Bxd4 22. Rxd4 exd5 23. Qxd7 Rxd7 24. Nxd5 Kg7 25. Ne3 Ne7 26. Rcd1 Red8
27. g4 Kf6 28. Kf1 Ke6 29. Nd5 Nxd5 30. Rxd5 Rc8 31. Ke2 Rc2+ 32. R1d2 Rxd2+
33. Kxd2 Rc7 34. b3 Rc5 35. Rd3 d5 36. Rd4 dxe4 37. Rxe4+ Kd6 38. Rd4+ Ke6
1/2-1/2

[Event "Championnat de France - Open A"]
[Site "Belfort - SNPHHUATVS"]
[Date "2010.08.11"]
[Round "2.5"]
[White "Cristofari, Antoine"]
[Black "Armand, Jerome"]
[Result "1/2-1/2"]
[WhiteElo "2123"]
[BlackElo "2008"]
[PlyCount "165"]
[EventDate "2010.??.??"]

1. e4 e5 2. d4 exd4 3. Nf3 d5 4. Qxd4 dxe4 5. Qxd8+ Kxd8 6. Ng5 Be6 7. Nxe6+
fxe6 8. Bc4 Nc6 9. Nc3 Nf6 10. Bg5 h6 11. O-O-O+ Bd6 12. Bxf6+ gxf6 13. Bxe6
Re8 14. Bf7 Re5 15. Rhe1 Ke7 16. Bg6 f5 17. Nd5+ Ke6 18. Ne3 Rg8 19. Bh5 Rc5
20. Kb1 f4 21. Nd5 Rxg2 22. Rxe4+ Kf5 23. Re2 Rxh2 24. b4 Nxb4 25. Bf7 Nxd5 26.
Be6+ Kf6 27. Bxd5 Rb5+ 28. Bb3 Re5 29. Red2 h5 30. Bd5 b6 31. c4 Bc5 32. f3
Rxd2 33. Rxd2 h4 34. Rh2 Kg5 35. Rg2+ Kh6 36. Rh2 Be7 37. Kc2 Kg6 38. Be4+ Kh5
39. Bd5 Bf6 40. Bf7+ Kh6 41. Bd5 Re1 42. Kd2 Rb1 43. Kd3 Rb2 44. Rxb2 Bxb2 45.
Be6 Kg5 46. Ke4 c6 47. Bh3 a6 48. Bg4 Bc1 49. Ke5 Ba3 50. Ke4 b5 51. cxb5 cxb5
52. Kd5 Kf6 53. Bh3 a5 54. Bf1 a4 55. Ke4 Bc1 56. Bxb5 h3 57. Bf1 h2 58. Bg2
Kg5 59. Kd3 Kh4 60. Ke2 Be3 61. Bh1 Kg5 62. Kd3 Kf5 63. Kc4 Ke5 64. Bg2 Kf5 65.
Bh1 Kg5 66. Kd3 Kh4 67. Ke2 Kg3 68. Kf1 Bc5 69. Ke2 Kh4 70. Kd3 Kh3 71. Ke2 Kh4
72. Kd3 Kg5 73. Ke2 Kf5 74. Kd3 Ke5 75. Kc4 Ba7 76. Bg2 Kf5 77. Bh1 Kf6 78. Kd3
Kf5 79. Kc4 Be3 80. Kd3 Ke6 81. Kc4 Kd6 82. Bg2 Ke5 83. Bh1 1/2-1/2

[Event "Championnat de France - Open A"]
[Site "Belfort - SNPHHUATVS"]
[Date "2010.08.11"]
[Round "2.6"]
[White "Guignier, Nicolas"]
[Black "Youssoupov, Moisse"]
[Result "1/2-1/2"]
[WhiteElo "2107"]
[BlackElo "2004"]
[PlyCount "76"]
[EventDate "2010.??.??"]

1. e4 d5 2. exd5 Qxd5 3. Nc3 Qa5 4. d4 Nf6 5. Nf3 Bf5 6. Bc4 c6 7. Bd2 e6 8.
Qe2 Bb4 9. a3 Nbd7 10. O-O-O Bxc3 11. Bxc3 Qc7 12. Ne5 b5 13. Bb3 Be4 14. Rhe1
O-O 15. Nxd7 Qxd7 16. d5 Bxd5 17. Bxf6 gxf6 18. Qh5 Kh8 19. Qh6 Qd8 20. Re3 Rg8
21. Rh3 Rg7 22. Rdd3 Qe7 23. Rh4 f5 24. Rdh3 Bxb3 25. f4 f6 26. cxb3 a5 27. Qh5
Ra7 28. Kb1 Qd7 29. Qe2 Qd5 30. Rd3 Rxg2 31. Qd1 Qe4 32. Ka2 a4 33. Rd8+ Rg8
34. bxa4 bxa4 35. Rd4 Qg2 36. Rd2 Qg1 37. Rd7 Rxd7 38. Qxd7 Qg6 1/2-1/2

[Event "Championnat de France - Open A"]
[Site "Belfort - SNPHHUATVS"]
[Date "2010.08.11"]
[Round "2.7"]
[White "Marcel, Valentin"]
[Black "Leuly, Max"]
[Result "1/2-1/2"]
[WhiteElo "2023"]
[BlackElo "2107"]
[PlyCount "72"]
[EventDate "2010.??.??"]

1. f4 Nf6 2. Nf3 g6 3. g3 Bg7 4. Bg2 c5 5. O-O O-O 6. d3 d5 7. Nc3 d4 8. Ne4
Qb6 9. Ned2 Qc7 10. a4 Nc6 11. Nc4 Be6 12. Nfe5 Nxe5 13. Nxe5 Bd5 14. Bxd5 Nxd5
15. Nc4 b6 16. f5 a6 17. Bf4 Nxf4 18. Rxf4 b5 19. Nd2 Bh6 20. Rf3 Qe5 21. fxg6
hxg6 22. Nf1 f5 23. h4 Qd5 24. Qe1 e5 25. e4 dxe3 26. Qe2 f4 27. g4 Bg7 28. g5
Qd7 29. Nh2 c4 30. Rff1 cxd3 31. cxd3 Rfd8 32. Rfd1 Qh3 33. Nf3 Qg3+ 34. Kh1
Qh3+ 35. Kg1 Qg3+ 36. Kh1 Qh3+ 1/2-1/2

[Event "Championnat de France - Open A"]
[Site "Belfort - SNPHHUATVS"]
[Date "2010.08.11"]
[Round "2.8"]
[White "Stahl, Clement"]
[Black "Macon, Arthur"]
[Result "0-1"]
[WhiteElo "2100"]
[BlackElo "2003"]
[PlyCount "106"]
[EventDate "2010.??.??"]

1. e4 e5 2. Nf3 Nc6 3. Bc4 Bc5 4. c3 Nf6 5. d4 exd4 6. cxd4 Bb4+ 7. Nc3 Nxe4 8.
O-O Bxc3 9. d5 Bf6 10. Re1 Ne7 11. Rxe4 d6 12. g4 O-O 13. g5 Be5 14. Nxe5 dxe5
15. Rxe5 Ng6 16. Re1 Bf5 17. Qd4 Qd6 18. Bd2 c5 19. Qe3 Nh4 20. f3 b5 21. Bxb5
Qxd5 22. Be2 Rfe8 23. Qc3 Bg4 24. Kf2 Bxf3 25. Bb5 Red8 26. Bf4 Bh5 27. Qh3
Qd4+ 28. Kg3 Ng6 29. Be3 Qe5+ 30. Kf2 Qxb2+ 31. Kg1 Qxb5 32. Qxh5 Re8 33. Qf3
Ne5 34. Qg3 Qc6 35. Rf1 Rad8 36. Qf2 Qg6 37. Qg2 Nd3 38. Rf3 Ne5 39. Rff1 Ng4
40. Bf2 Ne3 41. Bxe3 Rxe3 42. Rac1 Re5 43. h4 Rde8 44. Qb7 h6 45. Qc7 hxg5 46.
h5 Qxh5 47. Rxc5 Qg4+ 48. Kh1 Qh3+ 49. Kg1 Qg4+ 50. Kh1 Qh5+ 51. Kg1 Rxc5 52.
Qxc5 Qg4+ 53. Kh1 Re2 0-1

[Event "Championnat de France - Open A"]
[Site "Belfort - SNPHHUATVS"]
[Date "2010.08.11"]
[Round "2.9"]
[White "Ternault, Mathieu"]
[Black "Laruelle, Joel"]
[Result "1-0"]
[WhiteElo "1989"]
[BlackElo "2099"]
[PlyCount "107"]
[EventDate "2010.??.??"]

1. d4 Nf6 2. c4 g6 3. Nc3 d5 4. e3 Bg7 5. cxd5 Nxd5 6. Nxd5 Qxd5 7. Ne2 O-O 8.
Nc3 Qd8 9. Bc4 e5 10. d5 a6 11. e4 Nd7 12. Be3 Qh4 13. Qd2 Qe7 14. Rc1 b5 15.
d6 Qxd6 16. Qxd6 cxd6 17. Bd5 Rb8 18. Ba7 Bb7 19. Bxb8 Rxb8 20. O-O Nc5 21.
Bxb7 Rxb7 22. Nd5 Bh6 23. b4 Nxe4 24. Rc8+ Kg7 25. Ra8 Nd2 26. Rd1 Nc4 27. Rxa6
f5 28. Ra8 Kf7 29. Kf1 Ke6 30. Re8+ Kf7 31. Rc8 Ke6 32. Rc7 Rxc7 33. Nxc7+ Kd7
34. Nxb5 Kc6 35. Nc3 Bd2 36. b5+ Kc5 37. b6 Kxb6 38. Na4+ Ka5 39. Nb2 Nxb2 40.
Rxd2 Nc4 41. Rd3 f4 42. Ke2 Kb4 43. Rb3+ Kc5 44. Rb7 h6 45. Rh7 e4 46. Rxh6 Ne5
47. Rh8 d5 48. Re8 Kd4 49. a4 f3+ 50. gxf3 Nxf3 51. a5 Kc5 52. a6 Kb6 53. Re6+
Ka7 54. Rxg6 1-0

[Event "Championnat de France - Open A"]
[Site "Belfort - SNPHHUATVS"]
[Date "2010.08.11"]
[Round "2.10"]
[White "Budin, Florent"]
[Black "Franck, Boris"]
[Result "0-1"]
[WhiteElo "1982"]
[BlackElo "2086"]
[PlyCount "86"]
[EventDate "2010.??.??"]

1. d4 g6 2. Nf3 Bg7 3. c4 d6 4. g3 c6 5. Bg2 Bg4 6. O-O Qb6 7. Nc3 Bxf3 8. Bxf3
Qxd4 9. Qb3 Qb6 10. Na4 Qc7 11. Rd1 Nf6 12. Qd3 O-O 13. Bf4 e5 14. Bg5 Ne8 15.
e4 f6 16. Be3 f5 17. Qb3 fxe4 18. Bxe4 Nf6 19. Bg2 Kh8 20. Qd3 Rd8 21. Nc3 Na6
22. Bg5 Nc5 23. Qd2 Qf7 24. b4 Ne6 25. Bxf6 Bxf6 26. Ne4 Be7 27. Rac1 Rac8 28.
Qc3 Nd4 29. Rxd4 exd4 30. Qxd4+ Qg7 31. Qxa7 d5 32. cxd5 cxd5 33. Nc5 Qd4 34.
Qa5 Rf8 35. Rf1 Bxc5 36. bxc5 Rxc5 37. Qa3 Kg7 38. Qb3 Rf7 39. Bh3 Rc3 40. Qb1
Rd3 41. Be6 Re7 42. Bc8 Rd2 43. Qb5 Rf7 0-1

[Event "Championnat de France - Open A"]
[Site "Belfort - SNPHHUATVS"]
[Date "2010.08.12"]
[Round "3.1"]
[White "Boutteville, Cesar"]
[Black "Lallement, Victor"]
[Result "1/2-1/2"]
[WhiteElo "2131"]
[BlackElo "2067"]
[PlyCount "132"]
[EventDate "2010.??.??"]

1. d4 Nf6 2. Nf3 d5 3. g3 c6 4. Bg2 Bf5 5. O-O e6 6. Nbd2 Nbd7 7. b3 Be7 8. Bb2
O-O 9. Ne5 Nxe5 10. dxe5 Ne4 11. e3 Nxd2 12. Qxd2 f6 13. Rad1 fxe5 14. Bxe5 Bf6
15. Bd4 e5 16. Bc5 Be7 17. Qb4 Bxc5 18. Qxc5 Qb6 19. Qc3 Rfe8 20. Rfe1 Bg6 21.
Kh1 d4 22. exd4 exd4 23. Qd2 Qc5 24. Bf1 Rxe1 25. Rxe1 b5 26. Bd3 Bxd3 27. cxd3
Qd5+ 28. Kg1 Qf7 29. Re4 Rd8 30. Qe1 h6 31. Re7 Qg6 32. h4 a5 33. h5 Qf5 34.
Re5 Qf7 35. Qe4 Rf8 36. f4 Qd7 37. Re6 c5 38. Re7 Qg4 39. Qe6+ Qxe6 40. Rxe6
Rf5 41. Rb6 b4 42. Ra6 Rxh5 43. Rxa5 Kf7 44. Kg2 Rf5 45. Kf3 h5 46. Ke4 g6 47.
Ra6 Rf6 48. Ra7+ Ke6 49. Ra6+ Ke7 50. Ra7+ Kd6 51. Ra6+ Ke7 52. Ra5 Kd6 53.
Ra6+ Ke7 54. Ra8 Kd6 55. Rd8+ Ke7 56. Rd5 Re6+ 57. Kf3 Re3+ 58. Kf2 Rxd3 59.
Rxc5 Rd2+ 60. Kf1 Rxa2 61. Rc4 Rd2 62. Ke1 Rg2 63. Rxd4 Rxg3 64. Rxb4 h4 65.
Rb7+ Kd6 66. Rh7 Rxb3 1/2-1/2

[Event "Championnat de France - Open A"]
[Site "Belfort - SNPHHUATVS"]
[Date "2010.08.12"]
[Round "3.2"]
[White "Franck, Boris"]
[Black "Ferry, Roger"]
[Result "0-1"]
[WhiteElo "2086"]
[BlackElo "2063"]
[PlyCount "112"]
[EventDate "2010.??.??"]

1. e4 e6 2. Nf3 d5 3. e5 c5 4. b4 cxb4 5. a3 Nc6 6. axb4 Qc7 7. d4 Bxb4+ 8. c3
Be7 9. Bd3 Nh6 10. O-O O-O 11. Qc2 f5 12. exf6 Bxf6 13. Bxh7+ Kh8 14. Ba3 Rd8
15. Nbd2 e5 16. dxe5 Nxe5 17. Nxe5 Bxe5 18. Nf3 Bf6 19. Rac1 Bg4 20. Nd4 Rac8
21. h3 Bd7 22. Qd3 b5 23. Bg6 Qb6 24. Rb1 Rc4 25. Qg3 Rdc8 26. Rb3 a6 27. Bb1
Be8 28. Re1 Bf7 29. Qd3 Bg8 30. Re6 Rxd4 31. Rxb6 Rxd3 32. Bxd3 d4 33. c4 bxc4
34. Rb8 Rxb8 35. Rxb8 cxd3 36. Kf1 Kh7 37. Ke1 Bc4 38. Rb4 Bb5 39. Bb2 Nf5 40.
g3 Bd8 41. Bxd4 Ba5 42. Bc3 Bxb4 43. Bxb4 Nd4 44. Kd2 Nc6 45. Bc5 a5 46. Bb6 a4
47. Bc5 Na5 48. Bb4 Nc6 49. Bc5 Kg6 50. f4 Na5 51. Bb4 Nb3+ 52. Kc3 Kf5 53. Kb2
Ke4 54. h4 Bd7 55. Bc3 g6 56. Bb4 Ke3 0-1

[Event "Championnat de France - Open A"]
[Site "Belfort - SNPHHUATVS"]
[Date "2010.08.12"]
[Round "3.3"]
[White "Macon, Arthur"]
[Black "Leroy, Olivier"]
[Result "1/2-1/2"]
[WhiteElo "2003"]
[BlackElo "2085"]
[PlyCount "83"]
[EventDate "2010.??.??"]

1. d4 Nf6 2. c4 g6 3. Nc3 d5 4. cxd5 Nxd5 5. e4 Nxc3 6. bxc3 Bg7 7. Nf3 c5 8.
Rb1 O-O 9. Be2 Qa5 10. Rb5 Qxc3+ 11. Bd2 Qa3 12. Rxc5 Nc6 13. Rc3 Qxa2 14. Bc4
Qa5 15. Bxf7+ Rxf7 16. Rxc6 Qd8 17. Rc4 Bg4 18. O-O Bxf3 19. gxf3 Bxd4 20. Bh6
e5 21. Qb3 Rc8 22. Rfc1 Rxc4 23. Rxc4 b6 24. Rc2 Bc5 25. Rd2 Qh4 26. Be3 Bxe3
27. Qxe3 Qf6 28. Rd5 Kg7 29. Qd2 h5 30. Qc3 h4 31. h3 Kh7 32. Qc8 a5 33. Qb8
Re7 34. Kg2 Qg5+ 35. Kh2 Qf4+ 36. Kg2 Qg5+ 37. Kh2 Qf6 38. Kg2 Rf7 39. Kg1 Qg5+
40. Kh2 Qf4+ 41. Kg2 Qf6 42. Kg1 1/2-1/2